| 000 | 00673nam a2200217Ia 4500 | ||
|---|---|---|---|
| 003 | GCL | ||
| 008 | 140319s9999 xx 000 0 ara d | ||
| 040 |
_aGCL / _cGCL |
||
| 082 | 0 | 4 |
_a614.547 _bع ز |
| 100 | 1 | _aعبدالحميد عبدالعزيز | |
| 245 | 1 | 0 |
_aالزنا والسيلان / _cعبدالحميد عبدالعزيز |
| 260 |
_a[S.N] : _bدار الفكر العربى |
||
| 300 | _a150 ص | ||
| 490 |
_aسلسلة الثقافة الجنسية _v0 |
||
| 650 | 0 | 4 | _aالطب |
| 650 | 0 | 4 | _aالامراض |
| 650 | 0 | 4 | _aالجرائم الجنسية |
| 650 | 0 | 4 | _aالامراض النفسية |
| 650 | 0 | 4 | _aالطب الشرعى |
| 942 |
_2ddc _cBK |
||
| 999 |
_c28512 _d28512 |
||